| 000 | 00506nam a2200169 a 4500 | ||
|---|---|---|---|
| 005 | 20140412111314.0 | ||
| 008 | 000817s19uu xx 00 eng d | ||
| 020 | _a1-55037-363-3 | ||
| 050 |
_aTR(PS E _bRo53 1994 |
||
| 100 | _avan Eeden, Maria | ||
| 245 |
_aRobbers five-or is it six? (The)/ _cMaria van Eeden; Anneke Hohman. |
||
| 260 |
_aToronto : _bAnnick Press Ltd, _c1994. |
||
| 300 | _a1 v. (unp.); ill. | ||
| 440 | _a"Count me in" books | ||
| 650 | _aCounting-Juvneile Fiction | ||
| 999 |
_c104157 _d104157 |
||